The primary normal speller; (Record no. 15306)

MARC details
000 -LEADER
fixed length control field 00660cam a22002051 4500
001 - CONTROL NUMBER
control field ca 17003497
003 - CONTROL NUMBER IDENTIFIER
control field DLC
005 - DATE AND TIME OF LATEST TRANSACTION
control field 20260227111106.0
008 - FIXED-LENGTH DATA ELEMENTS--GENERAL INFORMATION
fixed length control field 911030s1878 nyua 000 0 eng
010 ## - LIBRARY OF CONGRESS CONTROL NUMBER
LC control number ca 17003497
035 ## - SYSTEM CONTROL NUMBER
System control number (OCoLC)24646569
040 ## - CATALOGING SOURCE
Original cataloging agency DLC
Transcribing agency RPB
Modifying agency DLC
042 ## - AUTHENTICATION CODE
Authentication code premarc
050 00 - LIBRARY OF CONGRESS CALL NUMBER
Classification number PE1145
Item number .B4
100 1# - MAIN ENTRY--PERSONAL NAME
Personal name Beecher, A. G.
245 14 - TITLE STATEMENT
Title The primary normal speller;
Remainder of title or, First lessons in the art of writing words. Designed to teach spelling by an improved method.
Statement of responsibility, etc. by A.G. Beecher ...
260 ## - PUBLICATION, DISTRIBUTION, ETC.
Place of publication, distribution, etc. New York,
Name of publisher, distributor, etc. Clark & Maynard,
Date of publication, distribution, etc. 1878.
300 ## - PHYSICAL DESCRIPTION
Extent viii, [2], [11]-123 p. incl. front., illus.
Dimensions 18 cm.
650 #0 - SUBJECT ADDED ENTRY--TOPICAL TERM
Topical term or geographic name entry element Spellers.

No items available.

Powered by Koha